00623nam a2200241 a 450000500170000000800410001704000150005808200100007310000120008310000120009524500220010724500160012926000190014526000480016426000110021230000100022330000140023330000100024733600210025733700250027833800230030365000550032620190601202433.0190601b my ||||| |||| 00| 0 eng d aPPAKcPPAK a895.1 lEnglish kFiction aThe Chinese PEN : bSpring 1994 aTaipei, Taiwan bTaipei Chinese Center, International P.E.N. c[n.d.] a115p. bcol. ill. c21cm. 2rdacontentatext 2rdamediaaunmediated 2rdacarrieravolume aShort stories, Chinese - Translations into English